Propuesta sobre diseño curricular aplicado a programas de educación no formal para el trabajo : (Record no. 48887)
[ view plain ]
| 000 -CABECERA | |
|---|---|
| campo de control de longitud fija | 00599nam a2200169 a 4500 |
| 005 - FECHA Y HORA DE LA ÚLTIMA TRANSACCIÓN | |
| campo de control | 20210223123206.0 |
| 008 - ELEMENTOS DE LONGITUD FIJA--INFORMACIÓN GENERAL | |
| campo de control de longitud fija | 991125s1970 ea 000 0 spa u |
| 035 ## - NÚMERO DE CONTROL DEL SISTEMA | |
| Número de control de sistema | UPN01000048887 |
| 049 ## - COLECCIÓN | |
| Colección | CG |
| 050 #4 - SIGNATURA TOPOGRÁFICA DE LA BIBLIOTECA DEL CONGRESO | |
| Número de clasificación | LC5219 |
| Número de documento/Ítem | M4.6 |
| 100 1# - ASIENTO PRINCIPAL--NOMBRE PERSONAL | |
| Nombre de persona | Mendoza N., Alejandro |
| 245 10 - MENCIÓN DE TÍTULO | |
| Título | Propuesta sobre diseño curricular aplicado a programas de educación no formal para el trabajo : |
| Resto del título | documento preliminar / |
| Mención de responsabilidad, etc. | Alejandro Mendoza N. |
| 260 ## - PUBLICACIÓN, DISTRIBUCIÓN, ETC. | |
| Lugar de publicación, distribución, etc. | [New York] : |
| Nombre del editor, distribuidor, etc. | CEDEFT: |
| -- | O.E.A., |
| Fecha de publicación, distribución, etc. | [197-?]. |
| 300 ## - DESCRIPCIÓN FÍSICA | |
| Extensión | 187 p. |
| 650 #4 - ASIENTO SECUNDARIO DE MATERIA - TERMINO TEMATICO | |
| Término de materia o nombre geográfico como elemento de entrada | EDUCACION NO FORMAL - |
| Subdivisión geográfica | AMERICA LATINA - |
| Subdivisión de forma | PLANES Y PROGRAMAS |
| 9 (RLIN) | 17008 |
| 905 ## - TIPO DE MATERIAL | |
| Tipo de material | Libro |
| Estado de retiro | Estado de pérdida | Fuente del sistema de clasificación o colocación | Estado dañado | No para préstamo | Código de colección | Localización permanente | Ubicación/localización actual | Ubicación en estantería | Total de préstamos | Clasificación | Código de barras | Fecha visto por última vez | Número de copia | Tipo de ítem Koha |
|---|---|---|---|---|---|---|---|---|---|---|---|---|---|---|
| Library of Congress Classification | Colección General | Bib. Gregorio Torres Quintero | Bib. Gregorio Torres Quintero | Planta baja | 6 | LC5219 M4.6 | 72064 | 31/12/2020 | 1 | Libro | ||||
| Library of Congress Classification | Colección General | Bib. Gregorio Torres Quintero | Bib. Gregorio Torres Quintero | Planta baja | LC5219 M4.6 | 316416 | 31/12/2020 | 1 | Libro | |||||
| Library of Congress Classification | Colección General | Bib. Gregorio Torres Quintero | Bib. Gregorio Torres Quintero | Planta baja | LC5219 M4.6 | 316415 | 31/12/2020 | 1 | Libro |
